27 ways not to catch a 'Mole' Quiz Stats

Quiz not verified by Sporcle

Challenge
Share
Tweet
Embed
Score 0/27 Timer 02:00
0 Plays Today
% Correct
Dole
98.3%
Male
98.3%
Bole
98%
Mile
97.9%
Sole
97.7%
Hole
97.7%
Cole
97.5%
Mule
97.4%
Role
97.3%
Tole
97.2%
Pole
96.6%
Mode
95.5%
Mote
95.4%
More
94.7%
% Correct
Vole
94%
Mope
92.5%
Molt
90.7%
Mold
90.5%
Move
90.3%
Mola
87.6%
Jole
87.5%
Moke
87%
Mome
86.7%
Mols
83%
Moue
82.8%
Moll
80.2%
Moly
77.8%

You're not logged in!

Compare scores with friends on all Sporcle quizzes.
Sign Up with Email
OR
Log In

You Might Also Like...

Show Comments

Extras

Top Quizzes Today


Score Distribution

Your Account Isn't Verified!

In order to create a playlist on Sporcle, you need to verify the email address you used during registration. Go to your Sporcle Settings to finish the process.